00557nam a2200181 450000500170000001000150001702000260003203500140005803700090007208200140008110000200009524500540011525000060016926000580017527000590023330000200029250000630031220241104153256.0 aENG-141750 c695.00a9789386235794 aEN-125282 bDBAD a693.5424 aRaju, N Krishna aStructural Design and Drawing/cBy N Krishna Raju a4 aHyderabadbUniversities Press (India) Pvt. Ltd.c2019 a3-6-747/A & 3-6-754/1, HimayatnagarbHyderabade500029 a482p.c24cm(pb) aReinforced Concrete and Steel (IS: 456-2000, IS: 800-2007)